| 000 | 01232nam a2200229Ia 4500 | ||
|---|---|---|---|
| 999 |
_c53394 _d53394 |
||
| 001 | 20437 | ||
| 003 | GE_BSU | ||
| 005 | 20201202202029.0 | ||
| 008 | 181216s1912||||ge |||||||||||||| ||geo|| | ||
| 040 | _cGE_BSU | ||
| 041 | _ageo | ||
| 100 |
_aგოგებაშვილი, იაკობ (1840-1912) _99815 |
||
| 245 |
_aდედა ენა. ნაწ. 1 : ქართული ანბანი პატარა მოთხრობებით და ლექსებით, აღწერებით და დედნით. ყველა სარწმუნოების ქართველთათვის / _cშედგენილი იაკობ გოგებაშვილის მიერ. |
||
| 250 | _a33-ე გამოცემა | ||
| 264 |
_aთბილისი : _bს. ლოსაბერიძის სტ., _c1912. |
||
| 300 |
_a48 გვ. : _bილ. ; _c20 სმ. |
||
| 490 | _a წერა-კითხვის საზოგადოების გამოცემა | ||
| 520 | _aმრავალი სურათით და დედნით. | ||
| 541 | _h48 თ. | ||
| 653 | _aდედა ენა. ნაწ. 1 | ||
| 942 |
_cBK _2udc |
||